000 01080nam a22002537a 4500
005 20240530110818.0
008 190704s2020 ua ahk g b 00| 0 ara d
017 _a22255
_bمصر. دار الكتب
020 _a9789777332798
040 _aEG-CaGPL
_cEG-CaGPL
082 0 4 _221
_a371.3 /
_bن ت
100 0 _aنشوة محمد عبدالمجيد فرج
245 1 0 _aتطبيقات التعلم المستند الى الدماغ فى تدريس علم النفس /
_cاعداد نشوة محمد عبدالمجيد فرج ؛ تقديم ايمان حسنين عصفور
260 _aالاسكندرية :
_bدار التعليم الجامعى،
_c2019.
300 _a335 ص. :
_bايض ؛
_c24 سم.
504 _aيشتمل على ارجاعات ببليوجرافية
650 0 7 _2qrmak
_aعلم النفس التربوى
650 0 7 _2qrmak
_aالتدريس
650 0 7 _2qrmak
_aعلم النفس
_xالتدريس
651 _2qrmak
700 0 _aايمان حسنين عصفور
_eمقدم
942 _2ddc
_cBK
999 _c65312
_d65312